书目信息 |
| 题名: |
浮世绘里的一百零一月
|
|
| 作者: | 王紫 , 宋亚男 著 ;月冈芳年 绘 | |
| 分册: | 下 | |
| 出版信息: | 长春 吉林出版集团股份有限公司 2020.03 |
|
| 页数: | 180页 | |
| 开本: | 24cm | |
| 丛书名: | ||
| 单 册: | ||
| 中图分类: | J217 | |
| 科图分类: | ||
| 主题词: | 浮世绘--绘画评论--日本 | |
| 电子资源: | ||
| ISBN: | 978-7-5581-6824-6 | |
| 000 | 01105nam0 2200265 450 | |
| 001 | 0120203029326 | |
| 005 | 20201020102843.54 | |
| 010 | @a978-7-5581-6824-6@dCNY89.00,CNY178.00(全2册) | |
| 100 | @a20200716d2020 em y0chiy50 ea | |
| 101 | 1 | @achi@cjpn |
| 102 | @aCN@b220000 | |
| 105 | @aa z 000yy | |
| 106 | @ar | |
| 200 | 1 | @a浮世绘里的一百零一月@9fu shi hui li de yi bai ling yi yue@b专著@h下@f王紫,宋亚男著@g(日)月冈芳年绘 |
| 210 | @a长春@c吉林出版集团股份有限公司@d2020.03 | |
| 215 | @a180页@c彩图@d24cm | |
| 330 | @a本书展示了月夜下的众生相,怀春少女、深闺怨妇、奉命出征的将军、威风凛凛的武士,既有日本传统文化中的源氏物语夕颜图、丰臣秀吉师祖峰之月等,也包括很多中国神话传说和历史典故、诗词,如嫦娥奔月、观世音南海月、伍子胥淮水月、曹操南屏山月等,不同月夜,不同姿态,实为日本浮世绘中不可多见的珍品。 | |
| 333 | @a绘画研究者 | |
| 606 | 0 | @a浮世绘@x绘画评论@y日本 |
| 690 | @aJ217@v5 | |
| 701 | 0 | @a王紫@9wang zi@4著 |
| 701 | 0 | @a宋亚男@9song ya nan@4著 |
| 702 | 0 | @c(日)@a月冈芳年@9yue gang fang nian@4绘 |
| 801 | 0 | @aCN@b人天书店@c20200716 |
| 905 | @b1290251-53@dJ217@e1151:2@f3 | |
| 浮世绘里的一百零一月.下/王紫,宋亚男著/(日)月冈芳年绘.-长春:吉林出版集团股份有限公司,2020.03 |
| 180页:彩图;24cm |
| 使用对象:绘画研究者 |
| ISBN 978-7-5581-6824-6:CNY89.00,CNY178.00(全2册) |
| 本书展示了月夜下的众生相,怀春少女、深闺怨妇、奉命出征的将军、威风凛凛的武士,既有日本传统文化中的源氏物语夕颜图、丰臣秀吉师祖峰之月等,也包括很多中国神话传说和历史典故、诗词,如嫦娥奔月、观世音南海月、伍子胥淮水月、曹操南屏山月等,不同月夜,不同姿态,实为日本浮世绘中不可多见的珍品。 |
| ● |
| 相关链接 |
|
|
|
|
正题名:浮世绘里的一百零一月
索取号:J217/1151:2
 
预约/预借
| 序号 | 登录号 | 条形码 | 馆藏地/架位号 | 状态 | 备注 |
| 1 | 1290251 | 212902518 | 第一样本阅览室/ [索取号:J217/1151:2] | 在馆 | |
| 2 | 1290252 | 212902527 | 第一借阅区/ [索取号:J217/1151:2] | 在馆 | |
| 3 | 1290253 | 212902536 | 第一借阅区/ [索取号:J217/1151:2] | 在馆 |